Statistics for F1 Standings 2016

Click here to take the quiz!

General Stats

  • This quiz has been taken 44 times
    (40 since last reset)
  • The average score is 18 of 24

Answer Stats

HintAnswer% Correct
Stoffel Vandoorne1
100%
Pascal Wehrlein1
100%
Jolyon Palmer1
100%
Felipe Nasr2
100%
Kevin Magnussen7
92%
Rio Haryanto0
85%
Esteban Ocon0
85%
Marcus Ericsson0
85%
Esteban Gutierrez0
85%
Jenson Button21
82%
Sergio Perez101
69%
Daniil Kvyat25
69%
Romain Grosjean29
69%
Carlos Sainz Jr.46
69%
Felipe Massa53
67%
Fernando Alonso54
67%
Nico Hulkenberg72
64%
Valtteri Bottas85
64%
Max Verstappen204
56%
Sebastian Vettel212
56%
Kimi Raikkonen186
54%
Lewis Hamiton380
54%
Nico Rosberg385
54%
Daniel Ricciardo256
51%

Score Distribution

Percentile by Number Answered

Percent of People with Each Score

Your Score History

You have not taken this quiz since the last reset